000 00441nam a2200181 a 4500
001 BRCA_3366
005 20190320204239.0
020 _a8403602375
041 _aspa
044 _asp
050 4 _aG1021
_b.A64 1994
245 1 0 _aAtlas del mundo Aguilar.
260 _aMadrid
_bAguilar
_c1994
300 _a1 atlas (303 p.)
_bil. a color, mapas
_c34 cm.
500 _aIncluye índice alfabético y glosario
902 _aREF
942 _2lcc
_cB
999 _c3102
_d3102